ŠTÚDIUM GALVANICKEJ KORÓZIE KONŠTRUKČNÝCH MATERIÁLOV V ATMOSFÉRE

Bibliographic Details
Main Authors: Ševčíková, Jarmila, 1945- (Author), Hagarová, Mária, 1965- (Author), Tuleja, Stanislav, 1941- (Author)
Format: Article
Language:Slovak

MARC

LEADER 00000nab a2200000 a 4500
001 vtls011114155
003 SK-MaSNL
005 20260304034229.0
008 230222|2005 xo |||||||||||||||||slo|
015 |a SNBRB 
035 |a (uuid)5b5c6c02-ef27-4905-986b-f8047ca108e8 
035 |a (urnnbn)urn:nbn:sk:snk:ar-a08ice 
035 |a urn:nbn:sk:snk-ab9knz 
040 |a SNKBUCL  |b slo  |c SNKBUCL  |e AACR2 
041 0 |a slo 
044 |a xo  |c SK 
100 1 |a Ševčíková, Jarmila,  |d 1945-  |4 aut  |9 255282 
245 1 0 |a ŠTÚDIUM GALVANICKEJ KORÓZIE KONŠTRUKČNÝCH MATERIÁLOV V ATMOSFÉRE  |c Jarmila Ševčíková, Mária Hagarová, Stanislav Tuleja 
700 1 |a Hagarová, Mária,  |d 1965-  |4 aut  |9 203029 
700 1 |a Tuleja, Stanislav,  |d 1941-  |4 aut  |9 205455 
773 0 |t Acta Mechanica Slovaca  |g Roč. 9, č. 3 (2005), s. 159-163 
954 |a odborná, vedecká literatúra pôvodná (slovenská)  |2 lita 
958 |a OND 
958 |a EUIPO 
958 |a article13 
999 |c 2652039  |d 2653969